MARC

LEADER 00000nam0a2200000 4500
001 278587
005 20231101235128.0
035 |a (RuTPU)RU\TPU\book\301864 
090 |a 278587 
100 |a 20141212d1985 m y0rusy5003 ca 
101 0 |a rus 
102 |a RU 
105 |a a j 000zy 
200 1 |a Оптические квантовые генераторы  |e учебное пособие  |f В. И. Букатый 
210 |a Барнаул  |c Изд-во АГУ  |d 1985 
215 |a 94 с.  |c ил. 
606 1 |a Генераторы квантовые оптические  |2 stltpush  |3 (RuTPU)RU\TPU\subj\5751  |9 33756 
610 1 |a оптические генераторы 
610 1 |a теория 
610 1 |a оптические резонаторы 
610 1 |a лазеры 
610 1 |a газовые лазеры 
610 1 |a полупроводниковые лазеры 
610 1 |a твердотельные лазеры 
610 1 |a учебные пособия 
675 |a 621.373.826(075.8)  |z rus  |v 4 
700 1 |a Букатый  |b В. И.  |4 070 
712 0 2 |a Алтайский государственный университет (АлтГУ)  |c (Барнаул)  |2 stltpush  |3 (RuTPU)RU\TPU\col\21 
801 0 |a RU  |b RuMRKP  |c 19950704  |g psbo 
801 1 |a RU  |b 63413507  |c 20141212 
801 2 |a RU  |b 63413507  |c 20180112  |g RCR 
942 |c BK